000 00566nam a2200193Ia 4500
005 20250508150715.0
008 008 250505s9999 xx 000 0 eng d
037 _aTextual
040 _aFEDL
_beng
_cFEDL
041 _aeng
_2eng
084 _a335, SHA
_qFEDL
100 _aShaw Bernard
245 0 _aIntelligent woman's guide to socialism, capitalism, sovietism and fascism
260 _aLondon, UK
_bConstable and Company Ltd.
_c1949
300 _axxxviii,529p
650 _aEconomics
942 _cTEXL
_h335, SHA
999 _c1325177
_d1325177